[Event "Rated Blitz tournament c3TPw3rO"]
[Site "?"]
[Date "2021.05.08"]
[Round "?"]
[White "Landau96"]
[Black "Korshun_2022"]
[Result "1-0"]
[WhiteElo "2398"]
[BlackElo "2412"]
[PlyCount "33"]
[EventDate "2021.??.??"]
[EventType "blitz"]

1. e4 e5 2. Nf3 d5 3. Nc3 dxe4 4. Nxe4 f5 5. Nxe5 Qd4 6. Qh5+ g6 7. Nxg6 Qxe4+
8. Kd1 Nf6 9. Qg5 Ng4 10. Bb5+ c6 11. d3 Nxf2+ 12. Kd2 Qb4+ 13. c3 Qxb5 14.
Re1+ Kd7 15. Re7+ Kd6 16. Qf4+ Kc5 17. Qd4# {Normal} 1-0

[Event "Rated Blitz tournament 3uMh27lO"]
[Site "?"]
[Date "2021.05.08"]
[Round "?"]
[White "ErinYu"]
[Black "ChessMeraki"]
[Result "1-0"]
[WhiteElo "2416"]
[BlackElo "2308"]
[PlyCount "165"]
[EventDate "2021.??.??"]
[EventType "blitz"]

1. e4 e5 2. Nf3 d5 3. d4 dxe4 4. Nxe5 Bd6 5. Bc4 Bxe5 6. dxe5 Qxd1+ 7. Kxd1 Nc6
8. Bf4 Nge7 9. Re1 Bg4+ 10. Kc1 O-O-O 11. Nc3 Ng6 12. Bg3 Ngxe5 13. Bb3 f6 14.
Nxe4 Kb8 15. h3 Bf5 16. a3 Nd4 17. Nd2 Nxb3+ 18. Nxb3 Nc6 19. Bf4 Rhe8 20. Rxe8
Rxe8 21. Be3 Be4 22. g3 Bf3 23. h4 g6 24. Nd2 Bd5 25. c4 Be6 26. Kc2 Ne5 27. b3
Bf5+ 28. Kc3 Rd8 29. Bf4 Rd3+ 30. Kb2 Nc6 31. Nf1 a6 32. Re1 Rd7 33. Re8+ Ka7
34. Re2 b6 35. Ne3 Kb7 36. Nxf5 gxf5 37. Re6 Nd4 38. Rxf6 Re7 39. Be3 Nf3 40.
Rxf5 Ne5 41. Rh5 Nd3+ 42. Kc3 Ne5 43. Bf4 Nf3 44. Rh6 Ne1 45. Rh5 Rd7 46. Re5
Rd3+ 47. Kb2 Nf3 48. Re3 Rd2+ 49. Kc1 Rxf2 50. Re7 Rf1+ 51. Kc2 Kb8 52. Kc3 Ka8
53. Rxc7 Ne1 54. Rc8+ Kb7 55. Re8 Kc6 56. Re7 b5 57. Re6+ Kb7 58. Re5 b4+ 59.
Kxb4 Kc6 60. Ka4 Kd7 61. Re6 Kc8 62. Re5 Kd7 63. Rd5+ Ke6 64. Rd3 Kf5 65. Rd4
Kg4 66. Rd5 Kh3 67. Be5 Kg2 68. Bd4 Kh1 69. Re5 Rf3 70. Re2 Rxb3 71. Rxe1+ Kg2
72. Re2+ Kf3 73. Rd2 Kg4 74. Kxb3 Kh3 75. Rd3 Kg2 76. Re3 Kh3 77. Re2 Kg4 78.
Rd2 Kh3 79. Rd1 Kxg3 80. Re1 Kxh4 81. Rf1 Kh5 82. Rg1 Kh6 83. Rh1+ {Time
forfeit} 1-0

[Event "Rated Blitz game"]
[Site "?"]
[Date "2021.05.08"]
[Round "?"]
[White "RudolfPaul"]
[Black "anjaya01"]
[Result "0-1"]
[WhiteElo "2310"]
[BlackElo "2414"]
[PlyCount "42"]
[EventDate "2021.??.??"]
[EventType "blitz"]

1. e4 e5 2. Nf3 d5 3. exd5 Bd6 4. d4 e4 5. Qe2 Nf6 6. Nc3 O-O 7. Ne5 h6 8. Nxe4
Nxe4 9. Qxe4 f6 10. Bc4 fxe5 11. dxe5 Bxe5 12. O-O Bd6 13. g4 Nd7 14. Qe6+ Kh8
15. Bxh6 Qh4 16. Bxg7+ Kxg7 17. f4 Nf6 18. Qe3 Qxh2+ 19. Kxh2 Nxg4+ 20. Kh1
Nxe3 21. Rg1+ Kf6 {Normal} 0-1

[Event "Rated Blitz tournament NUyynfz0"]
[Site "?"]
[Date "2021.05.08"]
[Round "?"]
[White "Agung_AFP_57"]
[Black "om_gendut"]
[Result "1-0"]
[WhiteElo "2311"]
[BlackElo "2420"]
[PlyCount "189"]
[EventDate "2021.??.??"]
[EventType "blitz"]

1. e4 e5 2. Nf3 d5 3. Nc3 dxe4 4. Nxe4 Nf6 5. Ng3 Bd6 6. d3 h6 7. Be2 Nc6 8.
O-O O-O 9. Re1 Re8 10. Nd2 Nd4 11. Bf1 Bd7 12. c3 Nc6 13. Qc2 Bc5 14. Nde4 Bb6
15. a4 a5 16. Be3 Bxe3 17. Rxe3 Nd5 18. Ree1 b6 19. Rad1 Qe7 20. Nd2 Qg5 21.
Nf3 Qf6 22. d4 exd4 23. Rxe8+ Rxe8 24. Nxd4 Nxd4 25. Rxd4 Bc6 26. Qd2 Ne7 27.
b3 Nf5 28. Rf4 Qd6 29. Qc1 Nxg3 30. hxg3 Re6 31. Bc4 Rf6 32. Rd4 Qe7 33. Qd2
Kh7 34. Bd3+ g6 35. Rh4 h5 36. Rxh5+ Kg8 37. Qh6 Qe1+ 38. Kh2 gxh5 39. Qxf6 Qe6
40. Qg5+ Kf8 41. Qxh5 Qxb3 42. Qh6+ Ke7 43. Qxc6 Kd8 44. Bb5 Qe6 45. Qa8+ Ke7
46. Qe8+ Kf6 47. Qd8+ Kg7 48. Qg5+ Kf8 49. c4 c6 50. Ba6 Ke8 51. Qe3 Qxe3 52.
fxe3 Kd7 53. g4 Kd6 54. Kg3 Ke5 55. Kf3 f6 56. g3 Kd6 57. Ke4 Ke6 58. Kd4 Kd6
59. Bc8 c5+ 60. Ke4 Kc7 61. Be6 Kd6 62. Bd5 Ke7 63. Kf5 Kd6 64. Kxf6 b5 65.
axb5 a4 66. Be4 a3 67. Bb1 Kc7 68. Ba2 Kb6 69. g5 Ka5 70. g6 Kb4 71. g7 Kc3 72.
g8=Q Kb2 73. Qa8 Kxa2 74. Qxa3+ Kxa3 75. b6 Kb4 76. b7 Kxc4 77. b8=Q Kd3 78.
Qe5 c4 79. g4 c3 80. Qxc3+ Kxc3 81. g5 Kd3 82. g6 Ke4 83. g7 Kd3 84. g8=Q Ke2
85. Qe6 Kd3 86. Kf5 Ke2 87. Kf4 Kf2 88. Qf5 Kg2 89. e4 Kf2 90. e5 Ke2 91. e6
Kd2 92. e7 Kc3 93. e8=Q Kd2 94. Qfd7+ Kc1 95. Qec8+ {Normal} 1-0

[Event "Rated Blitz game"]
[Site "?"]
[Date "2021.05.08"]
[Round "?"]
[White "ProfAngel"]
[Black "Razario90"]
[Result "0-1"]
[WhiteElo "2367"]
[BlackElo "2407"]
[PlyCount "100"]
[EventDate "2021.??.??"]
[EventType "blitz"]

1. e4 e5 2. Nf3 d5 3. exd5 e4 4. Nd4 Nf6 5. Nc3 c6 6. Bc4 cxd5 7. Bb5+ Bd7 8.
Qe2 Bxb5 9. Qxb5+ Qd7 10. O-O Be7 11. f3 O-O 12. fxe4 dxe4 13. Nf5 Qxb5 14.
Nxb5 Bc5+ 15. Kh1 Nc6 16. a3 a6 17. Nc3 Rad8 18. Na4 Bd4 19. Rb1 b5 20. Nc3
Rfe8 21. Ne2 Ba7 22. Ne3 Nd5 23. Nxd5 Rxd5 24. Nc3 Rdd8 25. b4 Nd4 26. Rb2 Rc8
27. Re1 f5 28. Ra2 g6 29. a4 Bb8 30. axb5 axb5 31. Ra5 Nxc2 32. Rf1 Nxb4 33.
Rxb5 Nd3 34. Ba3 Be5 35. Nd5 Rc2 36. Ne7+ Kh8 37. h4 Rxd2 38. Nc6 Bf6 39. Rb7
Bxh4 40. Bd6 Bf6 41. Rfb1 Nf2+ 42. Kh2 Rxd6 43. Rb8 Rxb8 44. Rxb8+ Kg7 45. Nb4
Rd4 46. Rb7+ Kh6 47. Nc6 Rd6 48. Nb4 Be5+ 49. Kg1 e3 50. Nc2 Rd1+ {Normal} 0-1

[Event "Rated Blitz game"]
[Site "?"]
[Date "2021.05.08"]
[Round "?"]
[White "Alex89DeLos23Andes89"]
[Black "DonCroccante"]
[Result "1-0"]
[WhiteElo "2404"]
[BlackElo "2402"]
[PlyCount "43"]
[EventDate "2021.??.??"]
[EventType "blitz"]

1. e4 e5 2. Nf3 d5 3. Nxe5 Bd6 4. d4 dxe4 5. Bc4 Bxe5 6. Qh5 Qe7 7. dxe5 Nc6 8.
Bb5 Bd7 9. Nc3 O-O-O 10. Bf4 f6 11. O-O-O fxe5 12. Bxc6 exf4 13. Bxd7+ Rxd7 14.
Rxd7 Qxd7 15. Qc5 Nf6 16. Qxa7 Qe8 17. Qa8+ Kd7 18. Rd1+ Ke6 19. Qxb7 Qe7 20.
Nxe4 Rd8 21. Re1 Kf5 22. Ng3+ {Normal} 1-0

[Event "Rated Blitz game"]
[Site "?"]
[Date "2021.05.08"]
[Round "?"]
[White "a_ermkw_19"]
[Black "anjaya01"]
[Result "0-1"]
[WhiteElo "2311"]
[BlackElo "2455"]
[PlyCount "76"]
[EventDate "2021.??.??"]
[EventType "blitz"]

1. e4 e5 2. Nf3 d5 3. d3 Bd6 4. Nbd2 c6 5. Be2 f5 6. O-O Nf6 7. c3 O-O 8. a4
Kh8 9. Qb3 Na6 10. d4 exd4 11. exd5 dxc3 12. dxc6 cxd2 13. cxb7 Bxb7 14. Qxb7
Nc5 15. Qc6 dxc1=Q 16. Raxc1 Nfe4 17. Rfd1 Qe7 18. Nd4 Rad8 19. Bf3 Bxh2+ 20.
Kxh2 Qe5+ 21. Kg1 Rxd4 22. Rxd4 Qxd4 23. Rd1 Qxf2+ 24. Kh2 h6 25. b4 Nb3 26.
Rd7 Nd4 27. Rxd4 Qxd4 28. b5 Qb4 29. Qa6 Qc5 30. a5 Ng5 31. b6 axb6 32. axb6
Nxf3+ 33. gxf3 Rb8 34. b7 Qc7+ 35. f4 Qxf4+ 36. Kh3 Qc7 37. Qg6 Qxb7 38. Qe6
Qc8 {Time forfeit} 0-1

[Event "Rated Rapid game"]
[Site "?"]
[Date "2021.05.08"]
[Round "?"]
[White "ahmedibrahim1995"]
[Black "Gmjaknour"]
[Result "0-1"]
[WhiteElo "2232"]
[BlackElo "2666"]
[PlyCount "68"]
[EventDate "2021.??.??"]
[EventType "rapid"]

1. e4 e5 2. Nf3 d5 3. exd5 e4 4. Qe2 Nf6 5. d3 Bb4+ 6. c3 O-O 7. cxb4 exf3 8.
gxf3 Nxd5 9. Nc3 Re8 10. Be3 Nxe3 11. Qxe3 Rxe3+ 12. fxe3 Nc6 13. Bg2 Qxd3 14.
Rd1 Qxe3+ 15. Ne2 Bf5 16. Rg1 Re8 17. Bf1 Nxb4 18. a3 Bd3 19. Rg2 Bxe2 20. Rxe2
Qxe2+ 21. Bxe2 Nc2+ 22. Kf1 c5 23. b4 Nd4 24. bxc5 Nxe2 25. Re1 h6 26. Rxe2 Rd8
27. a4 Rd4 28. Ra2 b6 29. cxb6 axb6 30. a5 bxa5 31. Rxa5 Rf4 32. Kf2 g5 33. h3
h5 34. Ra4 Rxa4 {Normal} 0-1

[Event "Rated Blitz tournament gN9GsEKt"]
[Site "?"]
[Date "2021.05.08"]
[Round "?"]
[White "Davigator"]
[Black "JellalFernandes"]
[Result "0-1"]
[WhiteElo "2406"]
[BlackElo "2602"]
[PlyCount "56"]
[EventDate "2021.??.??"]
[EventType "blitz"]

1. e4 e5 2. Nf3 d5 3. Nxe5 Bd6 4. d4 dxe4 5. Nc4 Nf6 6. Be2 O-O 7. Nc3 Nc6 8.
Bg5 Be7 9. Be3 Nb4 10. Nd2 Bf5 11. g4 Bg6 12. h4 Nfd5 13. h5 Nxe3 14. fxe3 Bh4+
15. Kf1 Qf6+ 16. Bf3 exf3 17. hxg6 fxg6 18. Nce4 Qe7 19. c3 Nd5 20. Qb3 c6 21.
c4 Nf6 22. c5+ Nd5 23. Rh3 Kh8 24. Qd3 Rae8 25. a3 g5 26. Rc1 Qe6 27. Nxg5
Nxe3+ 28. Kg1 Qxg4+ {Normal} 0-1

[Event "Rated Rapid game"]
[Site "?"]
[Date "2021.05.08"]
[Round "?"]
[White "mario19968"]
[Black "Gmjaknour"]
[Result "0-1"]
[WhiteElo "2600"]
[BlackElo "2691"]
[PlyCount "24"]
[EventDate "2021.??.??"]
[EventType "rapid"]

1. e4 e5 2. Nf3 d5 3. exd5 e4 4. Qe2 Nf6 5. d3 Bb4+ 6. c3 O-O 7. dxe4 Nxe4 8.
Qxe4 Re8 9. Bd3 Bf5 10. Qxe8+ Qxe8+ 11. Be2 Bd3 12. cxb4 Qxe2# {Normal} 0-1

[Event "Rated Blitz game"]
[Site "?"]
[Date "2021.05.08"]
[Round "?"]
[White "Napo18"]
[Black "AsianLion"]
[Result "0-1"]
[WhiteElo "2633"]
[BlackElo "2672"]
[PlyCount "50"]
[EventDate "2021.??.??"]
[EventType "blitz"]

1. e4 e5 2. Nf3 d5 3. d3 Bd6 4. exd5 f5 5. Nc3 Nf6 6. d4 e4 7. Ne5 Nbd7 8. Bf4
O-O 9. Bc4 a6 10. a4 Qe8 11. O-O Nh5 12. Nxd7 Bxd7 13. Be5 Nf4 14. Bxf4 Bxf4
15. d6+ Kh8 16. dxc7 Bxc7 17. Nd5 Bd8 18. a5 Rc8 19. b3 Rc6 20. f3 e3 21. Nf4
Bc7 22. Ne2 Bxh2+ 23. Kxh2 Qh5+ 24. Kg1 Rh6 25. Re1 Qh1# {Normal} 0-1

[Event "Rated Blitz game"]
[Site "?"]
[Date "2021.05.08"]
[Round "?"]
[White "koromarbel"]
[Black "anjaya01"]
[Result "1-0"]
[WhiteElo "2403"]
[BlackElo "2458"]
[PlyCount "95"]
[EventDate "2021.??.??"]
[EventType "blitz"]

1. e4 e5 2. Nf3 d5 3. exd5 Bd6 4. d4 e4 5. Ng5 Nf6 6. Nc3 O-O 7. Be3 Re8 8. h4
h6 9. Nh3 a6 10. a3 Ng4 11. Qd2 Nxe3 12. Qxe3 Bg4 13. Be2 Qxh4 14. O-O-O Nd7
15. Kb1 b5 16. g3 Qh5 17. Nf4 Qg5 18. Bxg4 Qxg4 19. Nce2 Nb6 20. Ka2 a5 21. Qb3
Qd7 22. g4 a4 23. Qg3 Nxd5 24. g5 Nxf4 25. Nxf4 Bxf4 26. Qxf4 Qd5+ 27. Kb1 Qxg5
28. Qxc7 b4 29. Rdg1 Qe7 30. Qg3 f5 31. axb4 a3 32. b3 a2+ 33. Ka1 Qd7 34. c3
Ra6 35. b5 Rf6 36. Qh4 f4 37. Qxf6 e3 38. Qxh6 Kf8 39. Qh8+ Ke7 40. Rxg7+ Ke6
41. Qh6+ Kd5 42. Rxd7+ Ke4 43. Re1 Kf3 44. Qh1+ Kxf2 45. Qg1+ Kf3 46. Qf1+ Kg4
47. Rg7+ Kf5 48. Qxf4+ {Time forfeit} 1-0

[Event "Rated Blitz game"]
[Site "?"]
[Date "2021.05.08"]
[Round "?"]
[White "Mortatill"]
[Black "AsianLion"]
[Result "1/2-1/2"]
[WhiteElo "2733"]
[BlackElo "2672"]
[PlyCount "172"]
[EventDate "2021.??.??"]
[EventType "blitz"]

1. e4 e5 2. Nf3 d5 3. Nxe5 Bd6 4. d4 dxe4 5. Bc4 Bxe5 6. Qh5 Qe7 7. Qxe5 Qxe5
8. dxe5 Nc6 9. Bf4 Nge7 10. Nc3 Ng6 11. Bg3 Ncxe5 12. Bb3 Bd7 13. h4 h5 14.
Nxe4 Bc6 15. Ng5 Bxg2 16. Rg1 Nf3+ 17. Nxf3 Bxf3 18. Bxc7 Kd7 19. Bg3 Rhe8+ 20.
Kd2 Re2+ 21. Kd3 Rd8 22. Rae1 Kc6+ 23. Kc3 Ne7 24. Rxe2 Bxe2 25. Bxf7 Nf5 26.
Re1 Bf3 27. Re6+ Nd6 28. Kd4 Bd5 29. Rxd6+ Rxd6 30. Bxd6 Bxf7 31. Bf8 g6 32. a4
a5 33. Be7 b5 34. axb5+ Kxb5 35. b3 Be6 36. c4+ Ka6 37. Ke5 Bf5 38. Kd4 Bc2 39.
Kc3 Be4 40. Bd8 Bf5 41. b4 axb4+ 42. Kxb4 Kb7 43. Kc5 Be4 44. Kd6 Bc6 45. c5
Be4 46. Be7 Bf3 47. Ke5 Kc6 48. Kf4 Bd1 49. f3 Bc2 50. Kg5 Bb1 51. Kf6 Bc2 52.
Bd6 Bb1 53. Ke5 Bc2 54. f4 Bb1 55. Kd4 Bf5 56. Ke3 Bc2 57. Kf3 Bf5 58. Ke2 Kd5
59. Kd2 Be4 60. Kc3 Bf5 61. Kb3 Kc6 62. Kc3 Be4 63. Kd4 Bf5 64. Kc4 Bc2 65. Kc3
Bd1 66. Kd2 Bg4 67. Ke3 Bf5 68. Kd4 Be6 69. Ke5 Bf5 70. Kf6 Bb1 71. Ke7 Bc2 72.
Kf6 Bb1 73. Kg5 Bd3 74. Kh6 Bf5 75. Kg7 Kd5 76. Kf7 Kc6 77. Ke7 Kd5 78. Kd8 Kc6
79. Ke7 Bd3 80. Ke6 Be4 81. Ke5 Bb1 82. Bf8 Bf5 83. Kd4 Be6 84. Ke5 Bf5 85. Kf6
Bc2 86. Ke5 Bf5 {Normal} 1/2-1/2

[Event "Rated Blitz game"]
[Site "?"]
[Date "2021.05.08"]
[Round "?"]
[White "ericcookiemaster"]
[Black "anjaya01"]
[Result "0-1"]
[WhiteElo "2320"]
[BlackElo "2412"]
[PlyCount "60"]
[EventDate "2021.??.??"]
[EventType "blitz"]

1. e4 e5 2. Nf3 d5 3. exd5 Bd6 4. d4 e4 5. Qe2 Nf6 6. Nc3 O-O 7. Nxe4 Nxe4 8.
Qxe4 Re8 9. Ne5 f6 10. f4 Nd7 11. Bd3 Nf8 12. O-O c5 13. c3 a6 14. Bd2 Qc7 15.
Kh1 b5 16. Rae1 Bb7 17. Re3 Rad8 18. Rh3 h6 19. Rff3 cxd4 20. cxd4 a5 21. Rfg3
Bb4 22. Be3 Bxd5 23. Qf5 Be6 24. Qh5 Bxh3 25. gxh3 fxe5 26. Qxh6 exd4 27. Bf2
Bd2 28. Bxb5 Re6 29. Qg5 Bxf4 30. Rg4 Bxg5 {Normal} 0-1

[Event "Rated Blitz game"]
[Site "?"]
[Date "2021.05.08"]
[Round "?"]
[White "JarJarBeers"]
[Black "Absfc"]
[Result "1-0"]
[WhiteElo "2387"]
[BlackElo "2407"]
[PlyCount "39"]
[EventDate "2021.??.??"]
[EventType "blitz"]

1. e4 e5 2. Nf3 d5 3. d4 exd4 4. exd5 Qxd5 5. Qxd4 Qxd4 6. Nxd4 Bc5 7. Be3 Nf6
8. Nc3 c6 9. Be2 O-O 10. O-O-O Nbd7 11. h3 Re8 12. Rhe1 Nf8 13. Bc4 Ng6 14. g4
Nh4 15. g5 Nh5 16. Nxc6 Nf3 17. Bxc5 Nxe1 18. Ne7+ Kh8 19. Rxe1 Bxh3 20. Bxf7 {
Normal} 1-0

[Event "Rated Blitz game"]
[Site "?"]
[Date "2021.05.08"]
[Round "?"]
[White "Nicah"]
[Black "DonCroccante"]
[Result "0-1"]
[WhiteElo "2446"]
[BlackElo "2394"]
[PlyCount "126"]
[EventDate "2021.??.??"]
[EventType "blitz"]

1. e4 e5 2. Nf3 d5 3. exd5 e4 4. Qe2 Nf6 5. d3 Qxd5 6. Nc3 Bb4 7. Bd2 Bxc3 8.
Bxc3 O-O 9. Ne5 Re8 10. d4 Nc6 11. Nxc6 bxc6 12. Qc4 e3 13. Qxd5 cxd5 14. fxe3
Rxe3+ 15. Kd2 Re6 16. Bd3 Ne4+ 17. Bxe4 dxe4 18. Ke3 f5 19. g3 g5 20. h4 f4+
21. gxf4 gxf4+ 22. Kxf4 e3 23. d5 Re8 24. Rhg1+ Kf8 25. Rg7 e2 26. Rxc7 h5 27.
Bb4+ Kg8 28. Rg1+ Bg4 29. c4 Rf8+ 30. Bxf8 Rxf8+ 31. Ke3 Re8+ 32. Kd2 Re4 33.
d6 Rd4+ 34. Kc3 Rxd6 35. Re7 Rd1 36. Rxg4+ hxg4 37. Rxe2 Rg1 38. h5 Kh7 39. c5
g3 40. c6 g2 41. Kc2 Rc1+ 42. Kxc1 g1=Q+ 43. Kd2 Qd4+ 44. Ke1 Qb4+ 45. Kd1 Qf8
46. Rc2 Qd6+ 47. Kc1 Qf4+ 48. Kd1 Qf1+ 49. Kd2 Qg2+ 50. Kd1 Qf3+ 51. Kd2 Qf4+
52. Kd1 Qf5 53. Kd2 Qf6 54. Kd1 Qe6 55. Kd2 Qd6+ 56. Kc1 Qc7 57. Kd2 a5 58. Kc1
a4 59. Rc3 a3 60. bxa3 Qd6 61. a4 Qe5 62. Rd3 Qc5+ 63. Kd2 Qxc6 {Time forfeit}
0-1

[Event "Rated Blitz game"]
[Site "?"]
[Date "2021.05.08"]
[Round "?"]
[White "Nicah"]
[Black "DonCroccante"]
[Result "1/2-1/2"]
[WhiteElo "2443"]
[BlackElo "2396"]
[PlyCount "118"]
[EventDate "2021.??.??"]
[EventType "blitz"]

1. e4 e5 2. Nf3 d5 3. exd5 e4 4. Qe2 Nf6 5. Nc3 Be7 6. Nxe4 O-O 7. d3 Nxd5 8.
Qd1 f5 9. Nc3 Nxc3 10. bxc3 Bf6 11. d4 Re8+ 12. Be2 Qe7 13. Bf4 c5 14. Ne5 Nc6
15. Bc4+ Kh8 16. O-O g5 17. Nf7+ Kg7 18. Qh5 Be6 19. Bxe6 Qxe6 20. Nxg5 Bxg5
21. Qxg5+ Qg6 22. d5 Ne5 23. Rfe1 Nf7 24. Qxg6+ hxg6 25. h4 Kf6 26. c4 Re4 27.
Rxe4 fxe4 28. Re1 Kf5 29. g3 a6 30. a4 Rd8 31. Rb1 Rd7 32. Rb6 Ne5 33. Bxe5
Kxe5 34. Rxg6 Kd4 35. h5 Kxc4 36. d6 b5 37. axb5 a5 38. b6 a4 39. h6 a3 40. Rg8
Rxd6 41. h7 Rxb6 42. h8=Q Rb1+ 43. Kg2 a2 44. Ra8 Rd1 45. Qg8+ Kc3 46. Rxa2 Rd4
47. Qb3+ Kd2 48. c3+ Kd3 49. cxd4+ Kxd4 50. Qe3+ Kd5 51. Rc2 c4 52. Rd2+ Kc6
53. Rd4 Kb5 54. Qxe4 Kb4 55. Rxc4+ Kb3 56. Qf4 Kb2 57. Qd4+ Kb1 58. Rc3 Kb2 59.
Qd2+ Kb1 {Time forfeit} 1/2-1/2

[Event "Rated Blitz game"]
[Site "?"]
[Date "2021.05.08"]
[Round "?"]
[White "ServasKaiser"]
[Black "markus4"]
[Result "0-1"]
[WhiteElo "2513"]
[BlackElo "2564"]
[PlyCount "57"]
[EventDate "2021.??.??"]
[EventType "blitz"]

1. e4 e5 2. Nf3 d5 3. Nxe5 Bd6 4. d4 dxe4 5. Bc4 Bxe5 6. dxe5 Qxd1+ 7. Kxd1 Nc6
8. Nc3 Nge7 9. Nxe4 Nxe5 10. Bb3 Bf5 11. Ng3 Bg6 12. Bf4 O-O-O+ 13. Ke2 N7c6
14. Rad1 Ng4 15. h3 Rhe8+ 16. Kf3 Nf6 17. Rxd8+ Rxd8 18. Re1 Nd4+ 19. Ke3 Nxc2+
20. Bxc2 Bxc2 21. Rc1 Nd5+ 22. Kf3 Nxf4 23. Kxf4 Ba4 24. Ne4 Bc6 25. Ng5 f6 26.
Ne6 Rd7 27. Rc2 Re7 28. Nd4 Re4+ 29. Kf3 {Normal} 0-1

[Event "Rated Blitz game"]
[Site "?"]
[Date "2021.05.08"]
[Round "?"]
[White "RnJlaQ64"]
[Black "Akbas_Kaan"]
[Result "1-0"]
[WhiteElo "2500"]
[BlackElo "2394"]
[PlyCount "37"]
[EventDate "2021.??.??"]
[EventType "blitz"]

1. e4 e5 2. Nf3 d5 3. exd5 e4 4. Qe2 Nf6 5. d3 Qxd5 6. Nbd2 Be7 7. dxe4 Qh5 8.
Qb5+ Qxb5 9. Bxb5+ c6 10. Bc4 O-O 11. a4 Nbd7 12. O-O Bd6 13. Re1 Re8 14. Bd3
Nc5 15. e5 Nxd3 16. cxd3 Bc5 17. exf6 Bf5 18. Ne4 Bb6 19. Be3 {Normal} 1-0

[Event "Rated Blitz game"]
[Site "?"]
[Date "2021.05.08"]
[Round "?"]
[White "agsjgm"]
[Black "liaqat321"]
[Result "1-0"]
[WhiteElo "2408"]
[BlackElo "2389"]
[PlyCount "57"]
[EventDate "2021.??.??"]
[EventType "blitz"]

1. e4 e5 2. Nf3 d5 3. Nxe5 Bd6 4. d4 dxe4 5. Nc4 Nf6 6. Nc3 Bf5 7. Be2 O-O 8.
O-O Nc6 9. Nxd6 cxd6 10. Bg5 h6 11. Bh4 g5 12. Bg3 Bg6 13. h4 Nh7 14. hxg5 hxg5
15. d5 Ne7 16. Nb5 Nf5 17. Bh2 a6 18. Nd4 Nxd4 19. Qxd4 f5 20. c4 Rc8 21. b4 f4
22. Bg4 Rc7 23. Be6+ Bf7 24. Qxe4 Qf6 25. Rfe1 Bxe6 26. dxe6 Re8 27. Rad1 Rc6
28. Qd5 Nf8 29. e7+ {Normal} 1-0

[Event "Rated Blitz tournament may21bta"]
[Site "?"]
[Date "2021.05.08"]
[Round "?"]
[White "Ranindu___chess"]
[Black "KrAKeN_1"]
[Result "0-1"]
[WhiteElo "2454"]
[BlackElo "2482"]
[PlyCount "34"]
[EventDate "2021.??.??"]
[EventType "blitz"]

1. e4 e5 2. Nf3 d5 3. Bc4 dxc4 4. Nxe5 Qd4 5. Nf3 Qxe4+ 6. Kf1 Bb4 7. d3 cxd3
8. cxd3 Qe7 9. a3 Bd6 10. g3 Nf6 11. Kg2 Qd7 12. Re1+ Be7 13. Qe2 Nc6 14. d4
O-O 15. Be3 Qh3+ 16. Kg1 Bg4 17. Nc3 Qh5 {Normal} 0-1

[Event "Rated Blitz tournament y90hIRwo"]
[Site "?"]
[Date "2021.05.08"]
[Round "?"]
[White "patriciozaldivar"]
[Black "JeesusKing"]
[Result "0-1"]
[WhiteElo "2242"]
[BlackElo "2417"]
[PlyCount "39"]
[EventDate "2021.??.??"]
[EventType "blitz"]

1. e4 e5 2. Nf3 d5 3. exd5 e4 4. Qe2 Nf6 5. d3 Bb4+ 6. c3 O-O 7. Nd4 Re8 8. Be3
Bc5 9. dxe4 Rxe4 10. Nd2 Re8 11. Qd3 Nxd5 12. Ne4 Bxd4 13. Qxd4 Nc6 14. Qd3 Bf5
15. f3 Bxe4 16. fxe4 Nxe3 17. Qxe3 Qh4+ 18. Qg3 Qxe4+ 19. Kd2 Rad8+ 20. Kc1 {
Normal} 0-1

[Event "Rated Blitz game"]
[Site "?"]
[Date "2021.05.08"]
[Round "?"]
[White "thengerevic"]
[Black "tactinhos2900"]
[Result "1-0"]
[WhiteElo "2483"]
[BlackElo "2611"]
[PlyCount "75"]
[EventDate "2021.??.??"]
[EventType "blitz"]

1. e4 e5 2. Nf3 d5 3. exd5 e4 4. Qe2 Be7 5. Qxe4 Nf6 6. Qa4+ c6 7. dxc6 O-O 8.
Be2 Nxc6 9. O-O a6 10. c3 b5 11. Qc2 Bg4 12. d4 Rc8 13. Qd1 h6 14. Bf4 Nd5 15.
Bg3 f5 16. h3 f4 17. Bh2 Bf5 18. Bd3 Qd7 19. Re1 Bd6 20. Bf1 Rce8 21. Nbd2 g5
22. a4 b4 23. Qb3 Be6 24. c4 Na5 25. Qc2 Bf5 26. Bd3 b3 27. Nxb3 Nb4 28. Bxf5
Nxc2 29. Bxd7 Rxe1+ 30. Rxe1 Nxb3 31. Re6 Bb8 32. Rxh6 Ncxd4 33. Nxd4 Nxd4 34.
Rg6+ Kh7 35. Rxg5 Kh6 36. h4 Rd8 37. Rd5 Ba7 38. Bxf4+ {Normal} 1-0

[Event "Rated Blitz game"]
[Site "?"]
[Date "2021.05.08"]
[Round "?"]
[White "DoubleP"]
[Black "magos33"]
[Result "1/2-1/2"]
[WhiteElo "2441"]
[BlackElo "2371"]
[PlyCount "62"]
[EventDate "2021.??.??"]
[EventType "blitz"]

1. e4 e5 2. Nf3 d5 3. Nxe5 Bd6 4. d4 dxe4 5. Nc4 Nf6 6. Nxd6+ Qxd6 7. Be2 O-O
8. Be3 Bf5 9. O-O Nbd7 10. c4 c5 11. Nc3 b6 12. h3 Rfe8 13. dxc5 Qxd1 14. Raxd1
Nxc5 15. g4 Bg6 16. Bxc5 bxc5 17. g5 Nh5 18. Nd5 Re5 19. h4 f6 20. f4 exf3 21.
Bxf3 Rae8 22. Nc7 Rc8 23. Rd7 fxg5 24. Bd5+ Kh8 25. Nb5 gxh4 26. Nd6 Rg5+ 27.
Kh2 Rb8 28. Rb7 Rd8 29. Rd7 Rb8 30. Rb7 Rd8 31. Rd7 Rb8 {Normal} 1/2-1/2

[Event "Rated Blitz tournament may21bta"]
[Site "?"]
[Date "2021.05.08"]
[Round "?"]
[White "ayvalik10"]
[Black "KrAKeN_1"]
[Result "0-1"]
[WhiteElo "2331"]
[BlackElo "2494"]
[PlyCount "58"]
[EventDate "2021.??.??"]
[EventType "blitz"]

1. e4 e5 2. Nf3 d5 3. Nxe5 Bd6 4. d4 dxe4 5. Nc4 Nf6 6. Ne3 Nc6 7. c4 Bb4+ 8.
Nc3 Qxd4 9. Bd2 Ne5 10. Qa4+ Nc6 11. a3 Bd6 12. Nb5 Qe5 13. Bc3 Qg5 14. Nxd6+
cxd6 15. Rd1 Bd7 16. Qb3 O-O-O 17. Be2 Ng4 18. Nd5 Nge5 19. Bxe5 Nxe5 20. g3
Bg4 21. Bxg4+ Qxg4 22. Ne3 Qf3 23. Rf1 Kb8 24. Qc3 Rhe8 25. b3 Nd3+ 26. Rxd3
exd3 27. Qxd3 d5 28. cxd5 Rxd5 29. Qxd5 Qxd5 {Normal} 0-1

[Event "Rated Blitz tournament may21bta"]
[Site "?"]
[Date "2021.05.08"]
[Round "?"]
[White "Candramawa_Meong"]
[Black "Artem_0degov"]
[Result "1-0"]
[WhiteElo "2401"]
[BlackElo "2499"]
[PlyCount "79"]
[EventDate "2021.??.??"]
[EventType "blitz"]

1. e4 e5 2. Nf3 d5 3. exd5 e4 4. Qe2 Nf6 5. d3 Bb4+ 6. c3 O-O 7. dxe4 Bd6 8.
Bg5 Re8 9. Bxf6 Qxf6 10. Nbd2 c6 11. dxc6 Nxc6 12. O-O-O Bg4 13. h3 Bh5 14. Kb1
Bg6 15. Ka1 Rad8 16. Qb5 a6 17. Qxb7 Na5 18. Qb6 Nb7 19. Qxb7 Rb8 20. Qd5 Rec8
21. e5 Qf5 22. Qxd6 Qc2 23. Nb3 h6 24. Bxa6 Rd8 25. Qxd8+ Rxd8 26. Rxd8+ Kh7
27. Rd2 Qe4 28. Re1 Qa4 29. Bd3 Bxd3 30. Rxd3 Qb5 31. Rde3 Qa6 32. Nfd4 h5 33.
e6 fxe6 34. Nxe6 Qa7 35. Ng5+ Kh6 36. f4 h4 37. Re8 Kg6 38. R1e6+ Kf5 39. Rf8+
Qf7 40. Rxf7# {Normal} 1-0

[Event "Rated Rapid game"]
[Site "?"]
[Date "2021.05.08"]
[Round "?"]
[White "RobinReynoso"]
[Black "Delyvj"]
[Result "0-1"]
[WhiteElo "2242"]
[BlackElo "2418"]
[PlyCount "72"]
[EventDate "2021.??.??"]
[EventType "rapid"]

1. e4 e5 2. Nf3 d5 3. d4 dxe4 4. Nxe5 Nd7 5. Nxf7 Kxf7 6. Bc4+ Ke8 7. Qh5+ g6
8. Qd5 Qe7 9. Nc3 Nb6 10. Qb5+ c6 11. Qb3 Nxc4 12. Qxc4 Be6 13. d5 cxd5 14.
Nxd5 Rc8 15. Qxc8+ Bxc8 16. Nxe7 Bxe7 17. O-O Nf6 18. Bh6 Kf7 19. Rfe1 Re8 20.
Be3 b6 21. Bd4 Bb7 22. Rad1 Rd8 23. h3 h5 24. c4 Rc8 25. Bxf6 Kxf6 26. Rd7 Rb8
27. Red1 Ke6 28. g4 hxg4 29. hxg4 a5 30. b3 Bc6 31. Ra7 Rf8 32. Ra6 Bc5 33. Rd2
e3 34. Re2 Rxf2 35. Rxf2 exf2+ 36. Kf1 Be4 {Normal} 0-1

[Event "Rated Blitz game"]
[Site "?"]
[Date "2021.05.08"]
[Round "?"]
[White "Mariano_Nelson_II"]
[Black "BigLion5555"]
[Result "1-0"]
[WhiteElo "2725"]
[BlackElo "2534"]
[PlyCount "73"]
[EventDate "2021.??.??"]
[EventType "blitz"]

1. e4 e5 2. Nf3 d5 3. Nxe5 Bd6 4. d4 dxe4 5. Nc4 Nf6 6. Nxd6+ Qxd6 7. c4 O-O 8.
Nc3 c5 9. dxc5 Qxc5 10. h3 Nc6 11. Be3 Qe5 12. Be2 Rd8 13. Qa4 Bd7 14. Qb5 Qe6
15. Qg5 Ne7 16. O-O Nf5 17. Rad1 Bc6 18. b3 h6 19. Qf4 Nxe3 20. fxe3 a6 21. Qc7
Rdc8 22. Qg3 Rd8 23. Rd4 b5 24. Rfd1 Rdc8 25. Rd6 Qe7 26. Rf1 Ne8 27. Rxh6 g6
28. Bg4 Rc7 29. Bf5 Ng7 30. Bxg6 fxg6 31. Rxg6 Rf8 32. Rxf8+ Kxf8 33. Qf4+ Qf7
34. Rf6 bxc4 35. bxc4 Ne6 36. Qd6+ Ke8 37. Rxe6+ {Normal} 1-0